| 000 | 00869cam a2200241 a 4500 | ||
|---|---|---|---|
| 005 | 20160106043239.0 | ||
| 008 | 961022t00001999ck ad r 001 0 spa d | ||
| 020 | _a9586004198 | ||
| 040 |
_aCO-BoPUJ _cCO-BoIAVH _dCO-BoIAVH |
||
| 041 | 1 |
_aspa _heng |
|
| 082 | 0 | 4 |
_a333.71 _bF45e |
| 100 | 1 | _aField, Barry C. | |
| 245 | 1 | 0 |
_aEconomía ambiental _buna introducción / _cBarry C. Field |
| 260 |
_aSanta Fe de Bogotá ; _aBuenos Aires : _bMcGraw-Hill, _c1999. |
||
| 300 |
_axviii, 587 páginas : _bilustraciones, tablas ; _c24 x 18 cm. |
||
| 534 | _tEnviromental economics. | ||
| 650 | 6 |
_aPolítica ambiental _xaspectos económicos |
|
| 650 | 6 |
_aControl ambiental _xaspectos económicos |
|
| 650 | 6 | _aEconomía ambiental | |
| 700 | 1 |
_aCano, Leonardo _etraductor |
|
| 700 | 1 |
_aSuárez R., Martha Edna _eeditor |
|
| 942 |
_2ddc _cLIBRO |
||
| 999 |
_c5567 _d5567 |
||